Совершенствование системы управления качеством аттестации педагогических работников и руководителей образовательных учреждений в субъектах Российской Федерации: сборник трудов I Всероссийской конференции, г. Москва, 21-22 октября 2013 г.

Dades bibliogràfiques
Autor corporatiu: Российская академия образования (РАО) Институт управления образованием (ИУО), Томская область Департамент общего образования, Общероссийский Профсоюз образования, Томский политехнический университет (ТПУ), Совершенствование системы управления качеством аттестации педагогических работников и руководителей образовательных учреждений в субъектах Российской Федерации
Idioma:rus
Publicat: Томск, Изд-во ТПУ, 2013
Matèries:
Format: MixedMaterials Llibre
KOHA link:https://koha.lib.tpu.ru/cgi-bin/koha/opac-detail.pl?biblionumber=289935

MARC

LEADER 00000nam0a2200000 4500
001 289935
005 20231102000232.0
035 |a (RuTPU)RU\TPU\book\314461 
090 |a 289935 
100 |a 20150403d2013 k y0rusy50 ca 
101 0 |a rus 
102 |a RU 
105 |a a z 101zy 
200 1 |a Совершенствование системы управления качеством аттестации педагогических работников и руководителей образовательных учреждений в субъектах Российской Федерации  |e сборник трудов I Всероссийской конференции, г. Москва, 21-22 октября 2013 г.  |f Российская академия образования (РАО), Институт управления образованием (ИУО) ; Томская область, Департамент общего образования ; Общероссийский Профсоюз образования ; Томский политехнический университет (ТПУ) 
210 |a Томск  |c Изд-во ТПУ  |d 2013 
215 |a 102 с.  |c ил. 
320 |a Библиогр. в конце ст. 
606 1 |a Высшее образование  |x Управление   |x Управление качеством  |2 stltpush  |3 (RuTPU)RU\TPU\subj\67539  |9 83296 
610 1 |a образование 
610 1 |a высшее профессиональное образование 
610 1 |a педагогические работники 
610 1 |a аттестация 
610 1 |a образовательные учреждения 
610 1 |a Российская Федерация 
610 1 |a руководители 
610 1 |a управление качеством 
610 1 |a Казахстан 
610 1 |a научная публицистика 
610 1 |a педагогические кадры 
610 1 |a информационные технологии 
610 1 |a образовательный мониторинг 
610 1 |a критерии оценки 
610 1 |a кадровый потенциал 
610 1 |a детские дошкольные учреждения 
610 1 |a форменная одежда 
610 1 |a образовательные системы 
610 1 |a материалы конференций 
686 |a Ч484(2)кл0   |v LBC/SL-A  |2 rubbk 
712 0 2 |a Российская академия образования (РАО)  |b Институт управления образованием (ИУО)  |c (Москва)  |2 stltpush  |3 (RuTPU)RU\TPU\col\20696 
712 0 1 |a Томская область  |b Департамент общего образования  |2 stltpush  |3 (RuTPU)RU\TPU\col\17679  |9 26740 
712 0 2 |a Общероссийский Профсоюз образования  |c (Москва)  |2 stltpush  |3 (RuTPU)RU\TPU\col\20697  |9 27807 
712 0 2 |a Томский политехнический университет (ТПУ)  |c (1991-2009)  |2 stltpush  |3 (RuTPU)RU\TPU\col\376 
712 1 2 |a Совершенствование системы управления качеством аттестации педагогических работников и руководителей образовательных учреждений в субъектах Российской Федерации  |c конференция  |d 1  |e Москва  |f 2013 
801 1 |a RU  |b 63413507  |c 20150403 
801 2 |a RU  |b 63413507  |c 20150409  |g RCR 
942 |c BK